000 00878nam a2200241Ia 4500
003 OSt
005 20220916110854.0
006 a|||||r|||| 00| 0
007 ta
008 220915b |||||||| |||| 00| 0 hin d
024 _a215420
037 _cTextbook
040 _bhin
_aARTS
_cARTS
041 _ahin
082 _aO9xM93:9, 152K7(TTPH)
100 _aझा, शभुंदत्त; शर्मा, देवेन्द्र, संपा.
245 0 _aरिचर्डस के आलोचना-सिद्धांत
246 _aRicharḍas ke ālochanā-siddhāanta
260 _c1967
490 _aपाश्चात्य समालोचना; 1
942 _hO9xM93:9, 152K7(TTPH)
_cTB
_2CC
999 _c99969
_d99969